Statystyki dla Liczby po Hiszpańsku do dwudziestu

Kliknij tutaj aby rozwiązać quiz!

Ogólne statystyki

  • Ten quiz został rozwiązany 316 razy
  • Średni wynik to 14 z 20

Statystyki odpowiedzi

LiczbyLiczby po Włosku% Poprawnych
1uno
99%
2dos
98%
3tres
97%
5cinco
81%
8ocho
81%
7siete
81%
6seis
79%
9nueve
76%
4cuattro
74%
10diez
72%
11once
71%
12doce
68%
13trece
66%
19diecinueve
59%
18dieciocho
59%
17diecisiete
59%
14catorce
58%
16dieciséis
58%
20veinte
57%
15quince
55%

Rozkład punktacji

Percentyl według liczby udzielonych odpowiedzi

Procent ludzi z każdym wynikiem

Twoja historia wyników

Nie rozwiązałeś tego quizu